| 000 | 00484nam a2200181Ia 4500 | ||
|---|---|---|---|
| 008 | 180207s9999 xx 000 0 und d | ||
| 020 | _a9780395978382 | ||
| 050 | _bR456 1999 | ||
| 100 | _aRey, H. A. | ||
| 245 | _aCurious George goes top the beach / | ||
| 245 | _cillustrated by H. A. Rey and Vipah Interactive. | ||
| 260 | _aBoston : | ||
| 260 | _bHoughton Mifflin Company, | ||
| 260 | _c1999 | ||
| 300 | _a24 pages : | ||
| 300 | _bcolor illustration ; | ||
| 300 | _c20cm. | ||
| 999 |
_c355354 _d355354 |
||